1637 1106 1305 1477 1223 1497 1219 1181 1431 1551 1580 1968 1118 1526 1943 1505 1244 1845 1954 1769 1763 1533 1945 1524 1721 1178 1650 1726 1266 1083 1345 1789 1200 1137 1956 1329 1171 1701 1577 1491 1299 1598 1815 1718 1576 1291 1389 1510 1714 1743 1554 1387 1935 1842 1312 1809 1001 1560 1731 1898 1079 1227 1268 1058 1385 1651 1874 1666 1124 1320 1840 1047 1535 1657 1886 1572 1743 1433 1537 1993 1292 1862 1681 1975 1033 1241 1424 1714 1897 1224 1926 1747 1596 1680 1671 1054 1316 1129 1444 BCNSPRNW ULIB Ver.6.0+V

เปลี่ยนเป็นภาษาไทย

Change to English
 แสดงรายละเอียดบรรณานุกรม
  กลับหน้าหลัก

Brief Record : Get Marc (ISO 2709) : E-mail record : QR code < ปิดหน้าต่าง
LEADER : 00000nam 2200000uu 4500
001    13399123161
003     ULIB
008    111208s2551||||th 000 0 tha d
020    ^a9789744467157
090    นว.^bภ653ส
100    ^aภูเตศวร
245    ^aสัญญาจากลาซา/^cรัศมีจันทร์
250    ^aพิมพ์ครั้งที่ 7
260    ^aกรุงเทพฯ :^bณ บ้านวรรณกรรม,^c2551
300    ^a388หน้า
710 1  ^aณ บ้านวรรณกรรม
945    ^p300^l0^i034419
995    ^aทศพร
999 ^a ทศพร
รายการนี้ยังไม่มีแท็ก
คุณยังไม่ได้ล็อกอิน คุณสามารถมีกิจกรรมร่วมกับเว็บไซต์ได้ แต่ต้องล็อกอินก่อน ::
  ล็อกอิน

รายการสื่อสารสนเทศ

ลำดับที่ ประเภท เลขเรียก/บาร์โค้ด สถานที่ สถานะ
1. นวนิยาย
นวนิยาย
นว. ภ653ส ฉ.1 
  Barcode: 034419
ห้องสมุดวิทยาเขตสวรรค์ประชารักษ์
►นวนิยาย
บนชั้น
  ขอยืม

BibComment


ยังไม่เคยถูกคอมเมนท์

คอมเมนท์ทรัพยากรรายการนี้
  คอมเมนท์: สัญญาจากลาซา รัศ..


 Copyright 2026. Bcnsprnw @Library